| 000 | 00743cam a2200253 a 4500 | ||
|---|---|---|---|
| 020 | _a3527283609 | ||
| 020 | _a1560811749 | ||
| 040 | _cDLC | ||
| 041 | 1 | _hger | |
| 082 | 0 | 0 | _a574 CVH 1991 A059 Or. |
| 245 | 1 | 0 | _a1,1,2,2-Tetrachloroethane / |
| 260 |
_aWeinheim : _bVCH Verlagsgesellschaft ; _aNew York, NY (USA) : _bVCH Publishers, _cc1991. |
||
| 300 |
_axii, 79 p. : _bill. ; _c21 cm. |
||
| 490 | 1 | _aBUA report (January, 1989), | |
| 500 | _aTranslation of: 1,1,2,2-Tetrachlorethan. | ||
| 650 | 0 | _aTetrachloroethane | |
| 650 | 0 | _aTetrachloroethane | |
| 650 | 2 | _aEnvironmental Pollutants | |
| 650 | 2 | _aEthane | |
| 650 | 2 | _aEthane | |
| 650 | 2 | _aHydrocarbons, Chlorinated | |
| 710 | 2 | _aGesellschaft Deutscher Chemiker. | |
| 942 | _cEK | ||
| 999 |
_c14810 _d14810 |
||